Classement perpétuel de la Ligue 2 - Statistiques

Statistiques générales
  • Ce quiz a été pris 70 fois
  • Le résultat moyen est 50 sur 68
Statistiques - réponses
# saisons points club % Correct
#33 6 337 AS Saint-Étienne
98%
#23 9 508 RC Lens
97%
#24 9 501 Paris FC
95%
#16 12 651 Brest
93%
#12 11 695 FC Metz
93%
#37 5 278 FC Nantes
93%
#35 5 309 RC Strasbourg
92%
#6 15 859 Troyes
92%
#10 17 751 Amiens SC
90%
#51 2 128 AS Monaco
90%
#53 2 119 Bordeaux
90%
#11 16 745 Grenoble foot 38
90%
#1 21 1149 Le Havre
90%
#47 3 161 OGC Nice
90%
#21 11 547 Reims
90%
#19 11 574 AJ Auxerre
88%
#13 13 692 Dijon FCO
88%
#18 10 583 FC Lorient
88%
#27 10 495 Le Mans
88%
#38 4 269 Toulouse FC
88%
#15 14 673 AS Nancy
86%
#41 5 226 Red Star
86%
#2 20 958 Clermont foot 63
85%
#9 16 783 EA Guingamp
85%
#56 1 83 LOSC Lille
85%
#32 7 361 Montpellier HSC
85%
#17 12 619 Angers SCO
83%
#22 11 545 CA Bastia
83%
#67 1 24 FC Bastia-Borgo
83%
#20 11 573 FC Sochaux
83%
#42 5 221 Gazélec Ajaccio
83%
#7 16 856 SM Caen
83%
#25 11 500 Valenciennes FC
83%
#3 18 919 AC Ajaccio
81%
#54 2 106 Évian-Thonon Gaillard
81%
#34 7 321 Rodez AF
81%
#45 4 194 FC Annecy
80%
#36 6 289 Pau FC
80%
#46 4 161 US Quevilly Rouen
80%
#65 1 29 FC rouen
78%
#5 19 861 Laval
78%
#14 14 675 Nîmes Olympique
78%
#39 5 230 AC Arles-Avignon
76%
#28 9 475 CS Sedan
76%
#40 5 229 US Boulogne
76%
#43 5 217 USL Dunkerque
76%
#4 20 900 Châteauroux
75%
#44 5 195 US Orléans
73%
#26 11 499 Tours FC
68%
#58 2 79 AS Cannes
63%
#30 10 443 Istres FC
63%
#8 19 820 Niort FC
61%
#55 3 103 FC Martigues
54%
#57 2 79 ASOA Valence
53%
#64 1 33 AS Valence
53%
#62 1 38 RC Besançon
46%
#50 3 130 AS Beauvais
42%
#63 1 38 US Concarneau
42%
#31 9 378 FC Gueugnon
41%
#49 3 141 Vannes OC
41%
#61 1 38 AS Béziers
39%
#52 3 127 Bourg-en-Bresse Péronnas 01
39%
#59 2 73 FC Chambly
39%
#68 1 23 FC Sète
39%
#29 11 461 US Créteil
37%
#60 2 73 FC Libourne
25%
#66 1 24 Louhans-Cuiseaux FC
25%
#48 4 160 ES Wasquehal
19%
Aucun quiz correspondant
Distribution des résultats
% des personnes avec chaque résultat
Percentile par nombre de réponses
Votre historique - résultats
Vous n’avez pas pris ce quiz